00405nam a2200157Ia 45000010006000000050017000060080041000230410008000640820020000721000024000922450070001162600009001863000036001956500008002316540008002391351220260306164806.0260306t2007||||xx |||||||||||||| ||spa|| aESP a004.6bG77 2007 aGraziani, RickeAUT 0aRouting protocols and concepts:bCCNA exploration companion guide c2007 axxxiii, 606 páginas :c24 cm. aGEN aCCC